| 000 | 00575nam a22002057a 4500 | ||
|---|---|---|---|
| 003 | UA-OsUOA | ||
| 001 | 64512 | ||
| 007 | ta | ||
| 008 | 20091105b un ||||| |||| 00| 0 ukr d | ||
| 090 |
_a94(474.5) _bМ54 |
||
| 942 | _cBK | ||
| 040 |
_aUA-OsUOA _cUA-OsUOA _dUA-OsUOA |
||
| 245 |
_aМетрыка Вялікага Княства Літоускага _bКніга 28 (1522 - 1552) |
||
| 300 | _a312 с. | ||
| 955 | _a0 | ||
| 080 | _a94(474.5) | ||
| 260 |
_aМенск _c2000 |
||
| 650 | 7 |
_a9 Географія. Біографії. Історія _2UDC |
|
| 999 |
_c350777 _d350777 |
||